000 00785nam a2200193 a 4500
003 0
005 20250624095856.0
008 021118s19uu xx 00 eng d
050 _aPHS HQ 777.3
_b.B35 1999
100 _aBalhon, Wenefredo.
245 _aEffects of sibling rivalry on some selected fourth year students of Southville International School /
_cWenefredo Balhon.
260 _aLas PiƱas City, Philippines :
_bSouthville International School and Colleges,
_c1999.
300 _a22 pages :
_billustrations ;
_c28 cm.
650 _aSibling rivalry
_xPsychological aspects
_zPhilippines.
650 _aSiblings
_zPhilippines
_xPsychological aspects.
650 _aFamily relationships
_zPhilippines.
650 _aSibling rivalry in adolescence
_zPhilippines.
942 _2lcc
_cPASS
999 _c96242
_d96242